书目信息 |
| 题名: |
生态学实验
|
|
| 作者: | 简敏菲 , 王宁 主编 | |
| 分册: | ||
| 出版信息: | 北京 科学出版社 2012 |
|
| 页数: | 109页 | |
| 开本: | 24cm | |
| 丛书名: | ||
| 单 册: | ||
| 中图分类: | Q14-33 | |
| 科图分类: | ||
| 主题词: | 生态学 , 生态学--实验--高等学校--教材 | |
| 电子资源: | ||
| ISBN: | 978-7-03-035281-1 | |
| 000 | 01252nam0 2200289 45 | |
| 001 | 1355418952 | |
| 005 | 20130513144305.93 | |
| 010 | @a978-7-03-035281-1@dCNY18.00 | |
| 100 | @a20130108d2012 em y0chiy50 ea | |
| 101 | 0 | @achi |
| 102 | @aCN@b110000 | |
| 105 | @ay z 000yy | |
| 106 | @ar | |
| 200 | 1 | @a生态学实验@ASheng Tai Xue Shi Yan@f简敏菲,王宁主编@FJian Min Fei, Wang Ning Zhu Bian |
| 210 | @a北京@c科学出版社@d2012 | |
| 215 | @a109页@d24cm | |
| 300 | @a国家级实验示范中心配套教材 | |
| 312 | @a封面英文题名:Ecological experiments | |
| 330 | @a本书分为6章,涵盖了生态学实验基础知识、生态学基础性实验和生态学综合性实验等主要内容。第1章主要介绍生态学实验的数学统计方法、常用的生态学实验技术和方法、应用软件等;第2-5章主要针对理论课涉及的生物与环境(即个体生态学)、种群生态学、群落生态学、生态系统生态学四个层次上的生态学原理进行验证性和设计性实验,并做部分拓展;第6章结合生态学野外调查研究的特点,整合一至多个生态学原理所开展的应用性较强的实验。 | |
| 510 | 1 | @aEcological experiments@zeng |
| 606 | 0 | @a生态学 |
| 606 | 0 | @a生态学@x实验@x高等学校@j教材 |
| 690 | @aQ14-33@v5 | |
| 701 | 0 | @a简敏菲@AJian Min Fei@4主编 |
| 701 | 0 | @a王宁@AWang Ning@4主编 |
| 801 | @aCN@bTANGWEI@c20130111 | |
| 905 | @b0831195-97@dQ14-33@e168@f3 | |
| 生态学实验/简敏菲,王宁主编.-北京:科学出版社,2012 |
| 109页;24cm |
| 国家级实验示范中心配套教材 |
| ISBN 978-7-03-035281-1:CNY18.00 |
| 本书分为6章,涵盖了生态学实验基础知识、生态学基础性实验和生态学综合性实验等主要内容。第1章主要介绍生态学实验的数学统计方法、常用的生态学实验技术和方法、应用软件等;第2-5章主要针对理论课涉及的生物与环境(即个体生态学)、种群生态学、群落生态学、生态系统生态学四个层次上的生态学原理进行验证性和设计性实验,并做部分拓展;第6章结合生态学野外调查研究的特点,整合一至多个生态学原理所开展的应用性较强的实验。 |
| ● |
| 相关链接 |
|
|
|
|
正题名:生态学实验
索取号:Q14-33/168
 
预约/预借
| 序号 | 登录号 | 条形码 | 馆藏地/架位号 | 状态 | 备注 |
| 1 | 0831195 | 208311959 | 第二样本阅览室/ [索取号:Q14-33/168] | 在馆 | |
| 2 | 0831196 | 208311968 | 第三借阅区/ [索取号:Q14-33/168] | 在馆 | |
| 3 | 0831197 | 208311977 | 第三借阅区/ [索取号:Q14-33/168] | 在馆 |